000 00611nam a2200205Ia 4500
005 20260121110027.0
008 008 260114s9999 xx 000 0 hin d
020 _a9788132357636
037 _aEBOOK
040 _aCRL
_bhin
_cCRL
041 _ahin
_2hin
084 _qCRL
100 _aराम सिंह / Ram Singh
_9941145
245 0 _aमृदा विज्ञान / Mrida Vigyan
260 _bभाषा प्रकाशन / Bhasha Prakashan
_c2021
856 _uhttps://bhashaprakashan.com/product-details/378904
942 _cEBOOK
999 _c1532810
_d1532810